000 00516pam a2200181 a 4500
020 _a841842680
_c5656.50
041 _aeng
_hNULL
082 _a616.89
_bCAS/COP
100 _aCASTLE, D .
245 _aPHARMACOLOGICAL AND PSYCHOSOCIAL TREATMENTS IN SCHIZIPHRENIA /
_cNULL.
_hTextual Documents
260 _aNULL :
_bMARTIN DUNITZ ,
_c2003.
300 _a143 :
_bXV ;
_cA4 .
365 _a5656.50
700 _aCOPOLOV, D .
_aWYKES, T .
930 _a3474
999 _c798008
_d798008
650 _aPSYCHIATRY